000 00242nam a2200097 a 4500
005 20140414131940.0
008 110126s19uu xx 00 eng d
050 _aM 398.8
_bM99 2008
245 _aMy treasury of nursery rhymes.
999 _c112577
_d112577